History Quiz

Random History or Nation Quiz

On Each Day of June Quiz Stats

 Plays Quiz Updated Jun 24, 2017

Support Sporcle.
Go Orange.
Score 0/30 Timer 10:00
7 Plays Today
% Correct
Winston Churchill
93.9%
Italy
92.9%
Beijing
90.2%
Salem
86.9%
Battle of Waterloo
83.9%
Pluto
81.7%
Iran
81.7%
William Shakespeare
78.8%
Virginia
78.3%
Declaration of Independence
78.3%
Panama Canal
75.1%
United States
74.4%
Les Misérables
74.3%
Nero
71.2%
Spain
71%
% Correct
USSR
69.8%
Ottoman Empire
69.5%
War of 1812
68.3%
Algeria
62.9%
Norway
55.4%
James A. Garfield
54.7%
Peasants'
50%
Edward the Confessor
47%
Troy
45.3%
Carthage
44.8%
Robert the Bruce
44.6%
Joseph Smith
40.3%
Juneteenth
24.8%
Baltimore
22.9%
San Marino
11.5%

You're not logged in!

Compare scores with friends on all Sporcle quizzes.
OR
Log In

From the Vault

10,000 Quiz

by sproutcm

This is technically our 10,012th quiz, but who's counting, really?
Remove Ads.
Support Sporcle.
Get the best of Sporcle when you Go Orange. This ad-free experience offers more features, more stats, and more fun while also helping to support Sporcle. Thank you for becoming a member.

Show Comments

Extras

Top Quizzes Today


Score Distribution

Your Account Isn't Verified!

In order to create a playlist on Sporcle, you need to verify the email address you used during registration. Go to your Sporcle Settings to finish the process.

Report this User

Report this user for behavior that violates our Community Guidelines.

Details: